| 000 | 01274nam a22002297a 4500 | ||
|---|---|---|---|
| 999 |
_c60451 _d60451 |
||
| 003 | Ge_BSU | ||
| 005 | 20230720154606.0 | ||
| 008 | 230720s2019ge xxu||||| |||| 00| 0 geo d | ||
| 041 | _ageo | ||
| 080 | _a159.937.1 ი-47 | ||
| 100 |
_aიმედაძე, ირაკლი, ავტორი. _919455 |
||
| 245 |
_aგანწყობის ონტოლოგიური სტატუსის პრობლემა / _cირაკლი იმედაძე ; რედ. რ. საყვარელიძე |
||
| 264 |
_aთბილისი, _c2019. |
||
| 300 |
_a83 გვ. ; _b29 სმ. |
||
| 504 | _aბიბლიოგრაფია: გვ. 79-82 და ტექსტის შენიშვნებში. | ||
| 653 | _aგანწყობის თეორია. | ||
| 653 | _aფსიქოლოგია | ||
| 700 |
_aსაყვარელიძე, რ _eრედაქტორი _919476 |
||
| 710 |
_aთბილისის სახელმწ. სამედ. უნივერსიტეტი, ფსიქოლოგიური განწყობის კვლევის და კორექციის ცენტრი. _919477 |
||
| 773 | _tნაჩუქარი | ||
| 942 |
_2udc _cBK |
||